[Event "Napoli Province-ch"]
[Site "Napoli"]
[Date "2016.02.25"]
[Round "1"]
[White "Orefice, Giovanni"]
[Black "Schiappoli, Dario"]
[Result "0-1"]
[WhiteElo "1420"]
[BlackElo "1805"]
[PlyCount "74"]
[EventDate "2016.02.25"]
[EventType "swiss"]
[EventRounds "7"]
[EventCountry "ITA"]
[SourceTitle "EXT 2018"]
[Source "ChessBase"]
[SourceDate "2017.10.13"]
[SourceVersion "1"]
[SourceVersionDate "2017.10.13"]
[SourceQuality "1"]

1. e4 c5 2. Nc3 Nc6 3. Nf3 g6 4. Bc4 Bg7 5. d3 e6 6. 0-0 a6 7. Re1 Qc7 8. Be3 b5 9. Bb3 Nd4 10. Bxd4 cxd4 11. Ne2 Qc5 12. Qd2 Bh6 13. Qd1 Ne7 14. c3 dxc3 15. bxc3 Bb7 16. d4 Qb6 17. Qd3 0-0 18. Ne5 Qc7 19. Ng3 Rfc8 20. Qf3 Rf8 21. Ng4 Bd2 22. Red1 Bf4 23. Ne2 f5 24. Nxf4 fxg4 25. Qxg4 Qxf4 26. Qxf4 Rxf4 27. f3 Rc8 28. Rac1 d5 29. e5 Rf7 30. Rf1 Nf5 31. g4 Ne3 32. Rf2 Rcf8 33. Re1 Rxf3 34. Rxf3 Rxf3 35. h4 Nxg4 36. Kg2 Rxc3 37. Rf1 Ne3+ 0-1